البحث عن الهوية الأفريقية في المخطوطات بالحرف العربي (العجمي) : (Record no. 25060)
[ view plain ]
| 000 -الفاتح | |
|---|---|
| حقل البيانات ثابتة الطول | 01647nam a22003135a 4500 |
| 003 - محدد رقم الضبط | |
| رقم الضبط | OSt |
| 005 - وقت وتاريخ اخر تعامل مع التسجيلة | |
| رقم الضبط | 20170724150337.0 |
| 008 - عناصر البيانات ثابتة الطول - معلومات عامة | |
| حقل البيانات ثابتة الطول | 170720s2015 ua a grb f000 0 ara d |
| 017 ## - رقم الإيداع القانونى | |
| رقم الإيداع القانونى | 2015 / 11103 |
| 020 ## - الرقم الدولى المعيارى للكتب | |
| الرقم الدولى المعيارى للكتاب | 9789779203072 |
| 040 ## - مصدر الفهرسة | |
| وكالة الفهرسة الأصلية | EG-ScBUE |
| لغة الفهرسة | ara |
| وكالة النسخ | EG-ScBUE |
| 041 1# - رمز اللغة | |
| رمز لغة النص/ المسارات الصوتية أو العنوان الانفرادي | ara |
| -- | eng |
| -- | fre |
| رمز لغة الترجمات و/او الاصلية المتوسطة للنص | mlg |
| -- | kau |
| -- | yor |
| 043 ## - رمز المنطقة الجغرافية | |
| رمز المنطقة الجغرافية | f------ |
| 082 04 - رقم تصنيف ديوى العشرى | |
| رقم التصنيف | 306.4496 |
| رقم المادة | ب ح ث |
| رقم الطبعة | 22 |
| 245 02 - بيان العنوان | |
| العنوان | البحث عن الهوية الأفريقية في المخطوطات بالحرف العربي (العجمي) : |
| بقية العنوان | نماذج من كتاب "تراث مخطوطات اللغات الأفريقية بالحرف العربي (العجمي) : لغات : الملجاشية - الكانوري - اليوروبا / |
| بيان المسئوليه,etc | تحرير وتقديم حلمي شعراوي. |
| 246 35 - العنوان الموازى | |
| عنوان صحيح/عنوان مختصر | In search of African identity in the manuscripts in Arabic letter (Ajami) |
| بقية العنوان | extracts from "heritage of the African languages manuscripts (Ajami)") |
| 250 ## - بيان الطبعة | |
| بيان الطبعة | ط. 1. |
| 260 ## - PUBLICATION, DISTRIBUTION, ETC. (IMPRINT) | |
| مكان الناشر او الموزع | القاهرة : |
| اسم الناشر او الموزع | المجلس الأعلى للثقافة، |
| تاريخ النشر أو التوزيع | 2015. |
| 300 ## - الوصف المادى | |
| التعداد | 1 مج. (متعدد الترقيم) ؛ |
| تفاصيل ماديه اخرى للوعاء | إيض ؛ |
| أبعاد الوعاء | 24 سم. |
| 504 ## - تبصرة ببليوجرافية | |
| تبصرة ببليوجرافية,الخ | ببليوجرافية : ص. 40-46. |
| 546 ## - تبصرة اللغة | |
| تبصرة اللغة | النص باللغة العربية والإنجليزية والفرنسية ؛ مترجم من اللغات الملجاشية والكانوري واليوروبا.<br/>. |
| 590 ## - تبصرة محلية(RLIN) | |
| تبصرة محلية | Wessam |
| 650 #7 - المدخل الاضافى بالموضوع-مصطلح موضوعى | |
| مصطلح موضوعي أو اسم جغرافي كعنصر مدخل | اللغات الأفريقية |
| التقسيم الفرعي العام | مخطوطات. |
| مصدر الرأس أو المصطلح | BUEsh |
| 650 #7 - المدخل الاضافى بالموضوع-مصطلح موضوعى | |
| مصطلح موضوعي أو اسم جغرافي كعنصر مدخل | المخطوطات الأفريقية. |
| مصدر الرأس أو المصطلح | BUEsh |
| 651 #7 - المدخل الاضافى بالموضوع - اسم جغرافى | |
| الاسم الجغرافي | أفريقيا |
| التقسيم الفرعي العام | حضارة. |
| مصدر الرأس أو المصطلح | BUEsh |
| 653 ## - مصطلح تكشيفى غير مقيد | |
| Resource For college | Generalities |
| Arrived date list | July2017 |
| 700 1# - المدخل الاضافى - اسم شخصى | |
| الإسم الشخصى | شعراوي، حلمي، |
| الدور | محرر، |
| -- | مقدم. |
| 942 ## - عناصر المدخل الإضافي( كوها) | |
| مصدر التصنيف او مخطط الترفيف | Dewey Decimal Classification |
| حالة التراجع | حالة الفقد | مصدر التصنيف او خطة الترفيف | حالة تلف | ليس للاعارة | مجموعات كوها | المكان الدائم | المكان الحالي | موقع الترفيف | تاريخ الاكتساب | Source of acquisition | سعر الشراء الطبيعي | تعداد مسلسل / التسلسل الزمني | رقم الاستدعاء | الباركود | Date last seen | مُعار | التكلفة | نوع الوعاء |
|---|---|---|---|---|---|---|---|---|---|---|---|---|---|---|---|---|---|---|
| Dewey Decimal Classification | صندوق التنمية الثقافية | Central Library | Central Library | Second Floor | 20/07/2017 | Purchase | 12.00 | 2921 | 306.4496 ب ح ث | 000034280 | 15/07/2025 | 06/03/2018 | 15.00 | Book - Borrowing |